| 000 | 00663nam a2200241Ia 4500 | ||
|---|---|---|---|
| 003 | OSt | ||
| 005 | 20221007075343.0 | ||
| 006 | a|||||r|||| 00| 0 | ||
| 007 | ta | ||
| 008 | 221006b |||||||| |||| 00| 0 eng d | ||
| 024 | _a898 | ||
| 037 | _cTextual | ||
| 040 |
_aFLL _cFLL _beng |
||
| 041 |
_2eng _aeng |
||
| 082 | _aX:96v2:N5, K7;1 | ||
| 100 | _aRamanujam G. | ||
| 245 | 0 |
_aFrom the babul tree _b Story of Indian labour |
|
| 260 |
_aNew Delhi _bIndian National Trade Union Congress India _c1967 |
||
| 300 |
_a251p _ccm. |
||
| 650 | _aLabour law | ||
| 942 |
_hX:96v2:N5, K7;1 _cTEXL _2CC |
||
| 999 |
_c1155760 _d1155760 |
||